Statistics for Western Europe - Rulers at turn of the century from year 0 to 2000

Click here to take the quiz!

General Stats

  • This quiz has been taken 351 times
    (307 since last reset)
  • The average score is 21 of 75

Answer Stats

RULER% Correct
Elizabeth I
82%
William II-Henry I
78%
John I (João I)
76%
John Lackland
76%
Charlemagne (Charles I)
75%
Victoria
74%
Augustus
73%
Charles I (Carlos I)
69%
Elizabeth II
65%
Napoléon Bonaparte
58%
George III
56%
Edward the Elder
55%
Louis XIV the Great, the Sun King (Louis XIV le Grand, le Roi Soleil)
55%
Edward I Longshanks
55%
Wilhelm II (William II)
54%
Henry VII
53%
Henry IV, Good King Henry, the Green Gallant (Henri IV, le Bon Roi Henri, le Vert-Galant)
53%
Henry IV (Heinrich IV)
51%
John Paul II
50%
Henry IV
50%
Louis XII Father of the People (Louix XII le Père du Peuple)
48%
Charles II the Bewitched (Carlos II)-Philip V the Spirited (Felipe V)
45%
Philip I the Amorous (Philippe ler l'Amoureux)
42%
Philip of Swabia (Philipp von Schwaben)
42%
Louis the Child (Ludwig IV)
41%
William III (William of Orange)
37%
Charles VI the Beloved, the Mad (Charles VI le Bienaimé, le Fol)
33%
Charles III the simple (Charles III le simple)
32%
Charles IV the Hunter (Carlos IV)
32%
Juan Carlos
31%
Philip II Augustus (Philippe II Auguste)
31%
Philip II (Filipe II)
30%
Philip III the Pious (Felipe III)
29%
Trajan
28%
Mary I (Maria I)
27%
Gregory the Great (Gregorius Magnus)
25%
John IX-Benedict IV
24%
Philip IV the Fair (Philippe IV le Bel)
22%
Clovis I
21%
Pius VII
20%
Diocletian
19%
Francis II (Franz II)
19%
Innocent III
17%
Leo XIII
15%
Otto III
14%
Leo III
14%
Alexander VI
13%
Innocent XII-Clement XI
12%
Peter II (Pedro II)
11%
Joseph I
10%
Clement VIII
10%
Honorius
9%
Æthelred the Unready
9%
Alfonso XIII the African
8%
Septimius Severus
8%
Robert II the Pious, the Wise (Robert II le Pieux, le Sage)
7%
Albert I (Albrecht I von Habsburg)
6%
Maximilian I
6%
Emmanuel I (Manuel I)
4%
Boniface VIII
4%
Sylvester II
3%
Chlothar II the Great, the Young (Clotaire II le Grand, le Jeune)
2%
Rudolf II
2%
Boniface IX
2%
Sergius
2%
Symmachus
2%
Anastasius
2%
Zephyrinus
2%
Evaristus
2%
Wenceslaus (Wenzel von Luxemburg)-Rupert of Palatinate (Ruprecht von der Pfalz, Wittelsbacher)
1%
Paschal II
1%
Marcellinus
1%
Childebert III the Just (Childebert III le Juste)
1%
Sancho I
0%
Denis I (Dinis I)
0%

Score Distribution

Percentile by Number Answered

Percent of People with Each Score

Your Score History

You have not taken this quiz since the last reset